00985nam a22002177a 450000500170000000700150001700800410003202000220007303500100009504000090010510000310011424501160014525600240026126000290028530000280031450602700034265000280061265000480064074000380068885600410072620240305165635.0cr|||| |||| 220630s2020 es |||||s|||| 00||0 spa d a978-84-1377-853-2 a36155 avLex1 aYzquierdo Tolsada, Mariano10aComentarios a las sentencias de unificación de doctrinah[Recurso electrónico] /cMariano Yzquierdo Tolsada aServicio en línea aMadrid:bDykinson,c2020 a1 recurso electrónico1 aDisponible solo en los productos indicadosdvLex GlobaldvLex Global (Academic Edition, excluding Law Schools)dvLex Global (U.S. Academic Edition, Law Schools)dvLex Global (U.S. Academic Edition, excluding Law Schools)dvLex Global (Academic Edition, Law Schools)04aDerecho CivilzEspaña04aDerecho Mercantil y de la EmpresazEspaña0 avLex Libros (Servicio en línea)40uhttps://app.vlex.com/#/sources/36155